Entry Personal Name
Number of records used in: 1
001 - CONTROL NUMBER
003 - CONTROL NUMBER IDENTIFIER
005 - DATE AND TIME OF LATEST TRANSACTION
- control field:
20200125114537.0
008 - FIXED-LENGTH DATA ELEMENTS
- fixed length control field:
070809n| acannaabn |a aaa
010 ## - LIBRARY OF CONGRESS CONTROL NUMBER
- LC control number:
n 2007056148
040 ## - CATALOGING SOURCE
- Original cataloging agency:
DLC
- Language of cataloging:
eng
- Transcribing agency:
DLC
100 1# - HEADING--PERSONAL NAME
- Personal name:
Phillips, Amy
- Fuller form of name:
(Amy L.)
400 1# - SEE FROM TRACING--PERSONAL NAME
- Personal name:
Phillips, Amy L.
670 ## - SOURCE DATA FOUND
- Source citation:
Haag, S. Microsoft Office PowerPoint 2003, c2004:
- Information found:
CIP t.p. (Amy Phillips) pref. (Prof., Infor. tech. & Electronic Commerce, Univ. Denver's Daniels College of Business)
670 ## - SOURCE DATA FOUND
- Source citation:
Micorsoft Internet Explorer 6.0, c2002:
- Information found:
t.p. (Amy Phillips; Univ. of Denver) p. vi (prof. in Dept. of Information Technology and Electronic Commerce, Daniels Coll. of Business; M.Ed. in education technology)
670 ## - SOURCE DATA FOUND
- Source citation:
Daniels College of Business faculty Web site, Aug. 9, 2007
- Information found:
(Ms. Amy Phillips; lecturer; CV: Amy L. Phillips, MCAD, MCSD, MCT; Plymouth State College, M.Ed. , Educational Technology, 1995)